Yüklüyor......

A SURVEY OF INDIAN SCULPTURE

Detaylı Bibliyografya
Yazar: SARASWATI S K
Materyal Türü: Printed Book
Baskı/Yayın Bilgisi: NEW DELHI MUNSHIRAM MANOHARLAL PUBLISHERS 1975
Edisyon:2 Edition
Konular:
LEADER 00659nam a2200229 4500
020 |c 300.0 
082 |a 732.44 SAR 
100 |a SARASWATI S K 
245 |a A SURVEY OF INDIAN SCULPTURE  |h ENGLISH 
250 |a 2 Edition 
260 |a NEW DELHI  |b MUNSHIRAM MANOHARLAL PUBLISHERS  |c 1975 
300 |a 239 p  |f HB 
500 |a   
501 |a General 
538
590
630 |a SCULPTURE 
650 |a A SURVEY OF INDIAN SCULPTURE 
700
942 |c BK 
999 |c 177268  |d 177268 
952 |0 0  |1 0  |4 0  |6 732_440000000000000_SAR  |7 0  |9 190633  |a AGY  |b AGY  |g 300.00  |l 0  |o 732.44 SAR  |p AGY1477  |r 2019-10-25  |w 2019-10-25  |y BK